| 000 | 00516nam a2200109Ia 4500 | ||
|---|---|---|---|
| 008 | 171212s9999 xx 000 0 und d | ||
| 100 | _aWasserman, Jeffrey;Jacobson, Peter;Lurie, Nicole;Nelson, Christopher;Ricci, Karen A. | ||
| 245 |
_cWasserman, Jeffrey;Jacobson, Peter;Lurie, Nicole;Nelson, Christopher;Ricci, Karen A. _aOrganizing State and Local Health Departments for Public Health Preparedness |
||
| 260 |
_bRAND Corporation _c2006 |
||
| 650 | _aHealth Sciences | ||
| 856 | _uwww.jstor.org/stable/10.7249/tr318dhhs | ||
| 999 |
_c352385 _d352385 |
||